logo

Bir Sreshtho Munshi Abdur Rouf Library
Jhenaidah Cadet College

Consumer price index manual : (Record no. 1785)

MARC details
000 -LEADER
fixed length control field 00800cam a2200265 a 4500
001 - CONTROL NUMBER
JCCL Control Number 1785
003 - CONTROL NUMBER IDENTIFIER
JCCL marc code BD-JhCC
005 - DATE AND TIME OF LATEST TRANSACTION
control field 20171024165824.0
008 - FIXED-LENGTH DATA ELEMENTS--GENERAL INFORMATION
fixed length control field 041027s2004 sz a b a i001 0 eng d
020 ## - INTERNATIONAL STANDARD BOOK NUMBER
International Standard Book Number 922113699X (pbk.)
035 ## - SYSTEM CONTROL NUMBER
system control number (BD-JhCC)1785
040 ## - CATALOGING SOURCE
Original cataloging agency UKM
Transcribing agency UKM
Modifying agency DLC
041 ## - LANGUAGE CODE
Language code of Book eng
050 00 - LIBRARY OF CONGRESS CALL NUMBER
Classification number HB225
Item number .C577 2004
082 04 - DEWEY DECIMAL CLASSIFICATION NUMBER
Classification number 338.528
DDC Edition number 22
Author mark and Year CON 2004
245 00 - TITLE STATEMENT
Title Consumer price index manual :
Remainder of title theory and practice.
Statement of responsibility, etc Iternational Labour Office
260 ## - PUBLICATION, DISTRIBUTION, ETC. (IMPRINT)
Place of publication, distribution, etc Geneva :
Name of publisher, distributor, etc International Labour Office,
Date of publication, distribution, etc 2004.
300 ## - PHYSICAL DESCRIPTION
Pagination xxxi, 535 p. :
Other physical details ill. ;
Dimensions 30 cm.
504 ## - BIBLIOGRAPHY, ETC. NOTE
Bibliography, etc Includes bibliographical references (p. 507-520) and index.
650 #0 - SUBJECT ADDED ENTRY--TOPICAL TERM
Topical term or geographic name as entry element Consumer price indexes.
650 #0 - SUBJECT ADDED ENTRY--TOPICAL TERM
Topical term or geographic name as entry element Prices.
710 2# - ADDED ENTRY--CORPORATE NAME
Corporate name or jurisdiction name as entry element International Labour Office.
942 ## - ADDED ENTRY ELEMENTS (KOHA)
Source of classification or shelving scheme Dewey Decimal Classification
Koha item type Books
Holdings
Source of classification or shelving scheme Damaged status Not for loan Home library Current library Shelving location Date of accession Total Checkouts Full call number Barcode Date last seen Copy number Koha item type
Dewey Decimal Classification     JCC Rouf Library JCC Rouf Library General Stacks 10/24/2017   338.528 CON 2004 3058 10/24/2017 C-1 Books

JCC Library | Contacts | JCC Home

Last Update on 23 September 2017
Copyright @ 2017-2020 JCC Rouf Library
Rouf Library, Jhenidah Cadet College (JCC), Bangladesh